Вино из одуванчиков: роман; пер. с англ.

Podrobná bibliografie
Hlavní autor: Брэдбери Р. Д. Рэй Дуглас
Shrnutí:Войдите в светлый мир двенадцатилетнего мальчика и проживите с ним одно лето, наполненное событиями радостными и печальными, загадочными и тревожными; лето, когда каждый день совершаются удивительные открытия, главное из которых - ты живой, ты дышишь, ты чувствуешь! "Вино из одуванчиков" Рэя Брэдбери - классическое произведение, вошедшее в золотой фонд мировой литературы.
Jazyk:ruština
Vydáno: Москва, Эксмо, 2014
Edice:Pocketbook
Témata:
Médium: MixedMaterials Kniha
KOHA link:https://koha.lib.tpu.ru/cgi-bin/koha/opac-detail.pl?biblionumber=344956

MARC

LEADER 00000nam0a2200000 4500
001 344956
005 20231102005723.0
010 |a 9785699373826 
035 |a (RuTPU)RU\TPU\book\376754 
090 |a 344956 
100 |a 20200625d2014 m y0rusy50 ca 
101 0 |a rus 
102 |a RU 
105 |a a z 001ay 
200 1 |a Вино из одуванчиков  |e роман  |e пер. с англ.  |f Р. Д. Брэдбери 
210 |a Москва  |c Эксмо  |a Санкт-Петербург  |c Домино  |d 2014 
215 |a 320 с. 
225 1 |a Pocketbook 
330 |a Войдите в светлый мир двенадцатилетнего мальчика и проживите с ним одно лето, наполненное событиями радостными и печальными, загадочными и тревожными; лето, когда каждый день совершаются удивительные открытия, главное из которых - ты живой, ты дышишь, ты чувствуешь! "Вино из одуванчиков" Рэя Брэдбери - классическое произведение, вошедшее в золотой фонд мировой литературы. 
606 1 |a Американская литература (англо-язычная литература)  |2 stltpush  |3 (RuTPU)RU\TPU\subj\28887  |9 52349 
610 1 |a проза 
610 1 |a романы 
610 1 |a фантастика 
675 |a 82  |v 4 
700 1 |a Брэдбери  |b Р. Д.  |c американский писатель  |c фантаст  |f 1920-2012  |g Рэй Дуглас  |2 stltpush  |3 (RuTPU)RU\TPU\pers\36252  |9 19328 
801 1 |a RU  |b 63413507  |c 20200625 
801 2 |a RU  |b 63413507  |c 20200715  |g RCR 
942 |c BK